珠江八个入海口8 Estuaries of Zhu Jiang(River Zhu) - Statistics

General Stats
  • This quiz has been taken 100 times
  • The average score is 4 of 8
Answer Stats
入海口 % Correct
虎门
92%
蕉门
62%
磨刀门
61%
崖门
60%
洪奇门
43%
鸡啼门
43%
横门
42%
虎跳门
38%
No matching quizzes found
Score Distribution
Percent of People with Each Score
Percentile by Number Answered
Your Score History
You have not taken this quiz